000
00330nam a2200145Ia 4500
005
20240924011011.0
008
240331s9999 xx 000 0 und d
082
_b
DAM
_a
750
100
_a
Damse, J
245
0
_a
Pablo Picasso
260
_a
London
_b
Blandford press
_c
1965
300
_a
90 p .,
650
_a
Art Series
942
_c
L
999
_c
3208
_d
3208